[Event "SVK-ch Amateur"]
[Site "Topolcany"]
[Date "2020.07.12"]
[Round "4"]
[White "Skrinar, Marek"]
[Black "Vargyas, Zoltan"]
[Result "0-1"]
[WhiteElo "1654"]
[BlackElo "2023"]
[PlyCount "108"]
[EventDate "2020.07.10"]
[EventType "swiss"]
[EventRounds "7"]
[EventCountry "SVK"]
[SourceTitle "EXT 2021"]
[Source "ChessBase"]
[SourceDate "2020.10.23"]
[SourceVersion "1"]
[SourceVersionDate "2020.10.23"]
[SourceQuality "1"]

1. Nf3 Nf6 2. d4 e6 3. c4 d5 4. e3 c5 5. Nc3 Nc6 6. cxd5 exd5 7. Be2 a6 8. a3 c4 9. 0-0 Bd6 10. h3 0-0 11. Bd2 b5 12. Na2 a5 13. Qc1 Qe7 14. Nc3 Rb8 15. a4 b4 16. Nb5 Rb6 17. Nxd6 Qxd6 18. Be1 Re8 19. Nd2 Ba6 20. Nf3 Ne4 21. Nh2 f5 22. Qc2 g6 23. Kh1 Qe7 24. g3 Kg7 25. Kg2 h5 26. Nf3 Bc8 27. Rh1 Bd7 28. h4 Nf6 29. Nh2 Nxd4 30. Qd1 Nxe2 31. Qxe2 Bc6 32. f3 Qd7 33. Qd2 Bxa4 34. Bf2 Ra6 35. Qd4 Bc6 36. Rhc1 Qe7 37. Rd1 Qe5 38. Qd2 Kh7 39. Qe2 a4 40. Qd2 Rb8 41. g4 c3 42. bxc3 bxc3 43. Qd3 Bb5 44. Qc2 Rc8 45. g5 Nd7 46. e4 fxe4 47. fxe4 dxe4 48. Bg3 Qf5 49. Rf1 Qd5 50. Rfd1 Bd3 51. Qa2 Qxa2+ 52. Rxa2 c2 53. Rc1 Nc5 54. Bf2 Nb3 0-1

[Event "SVK-ch Amateur"]
[Site "Topolcany"]
[Date "2020.07.10"]
[Round "2"]
[White "Balint, Vilmos"]
[Black "Vargyas, Zoltan"]
[Result "1-0"]
[WhiteElo "2140"]
[BlackElo "2023"]
[PlyCount "63"]
[EventDate "2020.07.10"]
[EventType "swiss"]
[EventRounds "7"]
[EventCountry "SVK"]
[SourceTitle "EXT 2021"]
[Source "ChessBase"]
[SourceDate "2020.10.23"]
[SourceVersion "1"]
[SourceVersionDate "2020.10.23"]
[SourceQuality "1"]

1. Nf3 Nf6 2. g3 g6 3. Bg2 Bg7 4. c4 0-0 5. d4 d6 6. 0-0 Nc6 7. Nc3 a6 8. h3 Rb8 9. e3 b5 10. Nd2 Bd7 11. Qe2 Re8 12. b3 e5 13. d5 Nd4 14. Qd1 Nf5 15. Bb2 bxc4 16. Nxc4 Qc8 17. Rc1 c5 18. e4 Nd4 19. Nxd6 Qd8 20. Nxe8 Nxe8 21. Re1 Nd6 22. Ne2 Qa5 23. Nxd4 exd4 24. e5 Nf5 25. e6 Be8 26. Re2 Bh6 27. exf7+ Bxf7 28. Rc4 Rd8 29. Rec2 Bf8 30. b4 cxb4 31. g4 Nh4 32. Qxd4 1-0

[Event "HUN-chT2 Charousek 1819"]
[Site "Hungary"]
[Date "2018.09.23"]
[Round "1.6"]
[White "Vargyas, Zoltan"]
[Black "Kozma, Karoly"]
[Result "0-1"]
[WhiteElo "1989"]
[BlackElo "2285"]
[PlyCount "78"]
[EventDate "2018.09.23"]
[EventType "team-tourn"]
[EventRounds "11"]
[EventCountry "HUN"]
[SourceTitle "CBM 189 Extra"]
[Source "ChessBase"]
[SourceDate "2019.06.03"]
[SourceVersion "1"]
[SourceVersionDate "2019.06.03"]
[SourceQuality "1"]
[WhiteTeam "Balatonfuered"]
[BlackTeam "Ajka Banyasz"]
[WhiteTeamCountry "HUN"]
[BlackTeamCountry "HUN"]

1. d4 Nf6 2. c4 g6 3. Nc3 Bg7 4. e4 d6 5. Nf3 0-0 6. Be2 Nbd7 7. Be3 Ng4 8. Bg5 h6 9. Bc1 e5 10. 0-0 c6 11. dxe5 dxe5 12. b4 Qe7 13. Rb1 Rd8 14. Nd2 Ngf6 15. c5 Nf8 16. Qa4 Ne6 17. Nc4 Nd4 18. f3 Be6 19. Nd6 Ne8 20. Nxe8 Rxe8 21. Bd3 a5 22. Be3 Red8 23. Rfd1 Bf8 24. Kh1 b5 25. Qa3 axb4 26. Qxb4 Qxc5 27. Qxc5 Bxc5 28. Bxh6 b4 29. Ne2 Nxe2 30. Bxe2 Rxd1+ 31. Rxd1 Rxa2 32. Bd3 Bd4 33. f4 exf4 34. Bxf4 c5 35. h4 b3 36. Kh2 b2 37. h5 Ra1 38. Rb1 gxh5 39. g3 Ba2 0-1

[Event "Budapest-chT1 Lilienthal 1718"]
[Site "Budapest"]
[Date "2018.03.18"]
[Round "12"]
[White "Vargyas, Zoltan"]
[Black "Vancsura, Zoltan"]
[Result "1-0"]
[WhiteElo "2105"]
[BlackElo "2215"]
[PlyCount "81"]
[EventDate "2017.10.01"]
[EventType "team-tourn"]
[EventRounds "13"]
[EventCountry "HUN"]
[SourceTitle "EXT 2021"]
[Source "ChessBase"]
[SourceDate "2020.10.23"]
[SourceVersion "1"]
[SourceVersionDate "2020.10.23"]
[SourceQuality "1"]
[WhiteTeam "Budapest Ujpest KSE"]
[BlackTeam "Mattolda"]
[WhiteTeamCountry "HUN"]
[BlackTeamCountry "HUN"]

1. c4 c5 2. Nc3 Nf6 3. g3 g6 4. Bg2 Bg7 5. Nf3 0-0 6. d4 cxd4 7. Nxd4 Nc6 8. 0-0 Ng4 9. e3 Nge5 10. b3 d6 11. h3 Bd7 12. Bb2 a6 13. Nde2 Nb4 14. Nf4 Bc6 15. e4 g5 16. Nh5 Nbd3 17. Ba3 Qa5 18. Nxg7 Kxg7 19. Nb1 Qb6 20. Qd2 h6 21. Kh2 g4 22. hxg4 Nxg4+ 23. Kg1 Qd4 24. Bb4 Qb6 25. Bc3+ Nde5 26. Bd4 Qc7 27. f4 f6 28. fxe5 fxe5 29. Be3 b5 30. Nc3 e6 31. Rad1 b4 32. Ne2 Qb7 33. Qd3 a5 34. Rxf8 Rxf8 35. Rf1 Nf6 36. Qxd6 Bxe4 37. Bh3 Bf3 38. Bxh6+ Kxh6 39. Qxf8+ Kg6 40. Bxe6 Qa7+ 41. c5 1-0

[Event "HUN-chT2 Charousek 1718"]
[Site "Hungary"]
[Date "2018.03.04"]
[Round "7.4"]
[White "Vargyas, Zoltan"]
[Black "Volosin, Vladimir"]
[Result "1/2-1/2"]
[WhiteElo "2125"]
[BlackElo "2295"]
[PlyCount "74"]
[EventDate "2017.10.29"]
[EventType "team-tourn"]
[EventRounds "9"]
[EventCountry "HUN"]
[SourceTitle "EXT 2020"]
[Source "ChessBase"]
[SourceDate "2019.10.17"]
[SourceVersion "1"]
[SourceVersionDate "2019.10.17"]
[SourceQuality "1"]
[WhiteTeam "Balatonfuered"]
[BlackTeam "Szentgotthard Alsoszolnok"]
[WhiteTeamCountry "HUN"]
[BlackTeamCountry "HUN"]

1. d4 c6 2. c4 d5 3. Nf3 Nf6 4. g3 Bf5 5. Nc3 e6 6. Bg2 Be7 7. 0-0 Nbd7 8. Nh4 Bg6 9. Nxg6 hxg6 10. Qb3 Qb6 11. e4 dxe4 12. Qxb6 axb6 13. Re1 Bb4 14. Bd2 Bxc3 15. Bxc3 0-0 16. a3 Rfd8 17. Rad1 Ra4 18. Bf1 Re8 19. h3 Raa8 20. g4 Rad8 21. Bg2 g5 22. Bd2 e5 23. Bxg5 exd4 24. Rxd4 Ne5 25. Rxd8 Rxd8 26. b3 Rd3 27. Re3 Rd1+ 28. Kh2 Nexg4+ 29. hxg4 Nxg4+ 30. Kg3 Nxe3 31. Bxe3 f5 32. Bxb6 Rd3+ 33. Kf4 Rxb3 34. Bc5 g6 35. Ke5 b6 36. Be3 Kf7 37. c5 bxc5 1/2-1/2

[Event "Budapest-chT1 Lilienthal 1718"]
[Site "Budapest"]
[Date "2018.02.04"]
[Round "8"]
[White "Vargyas, Zoltan"]
[Black "Kokeny, Norbert Adrian"]
[Result "0-1"]
[WhiteElo "2105"]
[BlackElo "2194"]
[PlyCount "80"]
[EventDate "2017.10.01"]
[EventType "team-tourn"]
[EventRounds "13"]
[EventCountry "HUN"]
[SourceTitle "EXT 2021"]
[Source "ChessBase"]
[SourceDate "2020.10.23"]
[SourceVersion "1"]
[SourceVersionDate "2020.10.23"]
[SourceQuality "1"]
[WhiteTeam "Budapest Ujpest KSE"]
[BlackTeam "Barcza GSC"]
[WhiteTeamCountry "HUN"]
[BlackTeamCountry "HUN"]

1. e4 c5 2. Nf3 e6 3. d4 cxd4 4. Nxd4 a6 5. Nc3 Qc7 6. Be3 Nf6 7. Qd2 Bb4 8. f3 d5 9. a3 Bxc3 10. bxc3 dxe4 11. Be2 Bd7 12. 0-0 Nc6 13. c4 exf3 14. Bxf3 Ne5 15. Bf4 Nxc4 16. Bxc7 Nxd2 17. Bxb7 Ra7 18. Rfb1 Nxb1 19. Rxb1 Ke7 20. Bb6 Rha8 21. Bc5+ Kd8 22. Bb6+ Ke8 23. Bc5 Rxb7 24. Rxb7 Ne4 25. Bb6 Nd6 26. Rc7 Ne4 27. c4 Rc8 28. c5 Rxc7 29. Bxc7 Nxc5 30. Kf2 f6 31. Ke3 e5 32. Ne2 Ke7 33. Nc3 Bc6 34. g3 Ke6 35. Bb8 g5 36. g4 Nd7 37. Ba7 h5 38. gxh5 f5 39. h6 Nf6 40. Bc5 Ng4+ 0-1

[Event "Budapest-chT1 Lilienthal 1718"]
[Site "Budapest"]
[Date "2018.01.21"]
[Round "7"]
[White "Vargyas, Zoltan"]
[Black "Polyik, Peter"]
[Result "0-1"]
[WhiteElo "2105"]
[BlackElo "2277"]
[PlyCount "58"]
[EventDate "2017.10.01"]
[EventType "team-tourn"]
[EventRounds "13"]
[EventCountry "HUN"]
[SourceTitle "EXT 2021"]
[Source "ChessBase"]
[SourceDate "2020.10.23"]
[SourceVersion "1"]
[SourceVersionDate "2020.10.23"]
[SourceQuality "1"]
[WhiteTeam "Budapest Ujpest KSE"]
[BlackTeam "Aquarena III"]
[WhiteTeamCountry "HUN"]
[BlackTeamCountry "HUN"]

1. Nf3 d5 2. d4 Nf6 3. g3 c5 4. Bg2 cxd4 5. 0-0 h6 6. Nxd4 e5 7. Nb3 Nc6 8. Nc3 Be6 9. f4 exf4 10. Bxf4 Qb6+ 11. Kh1 0-0-0 12. Qe1 d4 13. Ne4 Nd5 14. Rd1 f5 15. Nf2 Bb4 16. c3 dxc3 17. Nd3 c2 18. Rd2 Bxd2 19. Bxd2 Ne3 20. Bxe3 Qxe3 21. Qc3 Bd5 22. Qxc2 Bxg2+ 23. Kxg2 Rhe8 24. Rf2 Kb8 25. Nbc5 Qd4 26. Rxf5 g6 27. Rf2 Qd5+ 28. e4 Rxe4 29. Nxe4 Qxe4+ 0-1

[Event "HUN-chT2 Charousek 1718"]
[Site "Hungary"]
[Date "2017.12.03"]
[Round "3.6"]
[White "Ivan, Attila"]
[Black "Vargyas, Zoltan"]
[Result "1-0"]
[WhiteElo "2292"]
[BlackElo "2106"]
[PlyCount "37"]
[EventDate "2017.10.29"]
[EventType "team-tourn"]
[EventRounds "9"]
[EventCountry "HUN"]
[SourceTitle "EXT 2020"]
[Source "ChessBase"]
[SourceDate "2019.10.17"]
[SourceVersion "1"]
[SourceVersionDate "2019.10.17"]
[SourceQuality "1"]
[WhiteTeam "Komlo Banyasz"]
[BlackTeam "Balatonfuered"]
[WhiteTeamCountry "HUN"]
[BlackTeamCountry "HUN"]

1. e4 c5 2. Nf3 Nc6 3. d4 cxd4 4. c3 dxc3 5. Nxc3 g6 6. Bc4 Bg7 7. e5 Nxe5 8. Nxe5 Bxe5 9. Bxf7+ Kxf7 10. Qd5+ Kg7 11. Qxe5+ Nf6 12. 0-0 d6 13. Qd4 Rf8 14. Bg5 Rf7 15. Rfe1 Bd7 16. Nd5 e5 17. Qh4 Bc6 18. Nxf6 Rxf6 19. Rad1 1-0

[Event "HUN-chT2 Asztalos 1617"]
[Site "Hungary"]
[Date "2017.04.09"]
[Round "11.4"]
[White "Csire, Bence"]
[Black "Vargyas, Zoltan"]
[Result "1/2-1/2"]
[WhiteElo "2109"]
[BlackElo "2038"]
[PlyCount "81"]
[EventDate "2016.09.25"]
[EventType "team-tourn"]
[EventRounds "11"]
[EventCountry "HUN"]
[SourceTitle "EXT 2021"]
[Source "ChessBase"]
[SourceDate "2020.10.23"]
[SourceVersion "1"]
[SourceVersionDate "2020.10.23"]
[SourceQuality "1"]
[WhiteTeam "Fehervar"]
[BlackTeam "Balatonfuered"]
[WhiteTeamCountry "HUN"]
[BlackTeamCountry "HUN"]

1. e4 e5 2. Nf3 Nc6 3. Bb5 a6 4. Ba4 Nf6 5. 0-0 Be7 6. Re1 b5 7. Bb3 d6 8. c3 0-0 9. h3 Na5 10. Bc2 c5 11. d4 Qc7 12. Nbd2 Rd8 13. d5 c4 14. Nf1 Nb7 15. Ng3 a5 16. Bd2 Nc5 17. a4 bxa4 18. Be3 Rb8 19. Bxc5 Qxc5 20. Qc1 Bd7 21. Bxa4 g6 22. Nd2 Bf8 23. Qc2 Bh6 24. Ngf1 Rdc8 25. Ra2 Rc7 26. Ne3 Bxe3 27. Rxe3 Rcb7 28. Bxd7 Nxd7 29. Qa4 f5 30. Qxa5 Rxb2 31. Qxc5 Nxc5 32. Rxb2 Rxb2 33. Nxc4 Rb1+ 34. Kh2 Nxe4 35. f3 Ng3 36. Kxg3 f4+ 37. Kf2 fxe3+ 38. Kxe3 Rd1 39. Ke4 Re1+ 40. Kd3 Rd1+ 41. Ke4 1/2-1/2

[Event "Banska Stiavnica V4 op"]
[Site "Banska Stiavnica"]
[Date "2016.07.05"]
[Round "4"]
[White "Ferkova, Dominika"]
[Black "Vargyas, Zoltan"]
[Result "0-1"]
[WhiteElo "1944"]
[BlackElo "2122"]
[PlyCount "72"]
[EventDate "2016.07.02"]
[EventType "swiss"]
[EventRounds "9"]
[EventCountry "SVK"]
[SourceTitle "CBM 173 Extra"]
[Source "ChessBase"]
[SourceDate "2016.08.29"]
[SourceVersion "1"]
[SourceVersionDate "2016.08.29"]
[SourceQuality "1"]

1. d4 Nf6 2. c4 e6 3. Nc3 Bb4 4. a3 Bxc3+ 5. bxc3 c5 6. e3 Nc6 7. Bd3 b6 8. Ne2 d6 9. e4 e5 10. d5 Na5 11. f3 Qd7 12. g4 Ba6 13. Ng3 Bxc4 14. g5 Ng8 15. Nf5 Bxd3 16. Qxd3 g6 17. Ne3 Qa4 18. Rb1 h6 19. Ng4 h5 20. Ne3 Ne7 21. 0-0 0-0 22. f4 f5 23. c4 Qd7 24. Bb2 fxe4 25. Qxe4 exf4 26. Bf6 fxe3 27. Bxe7 Rxf1+ 28. Rxf1 Qg4+ 29. Qxg4 hxg4 30. Rc1 Re8 31. Bxd6 Re4 32. Bc7 Nxc4 33. d6 Ne5 34. Rd1 e2 35. Re1 Nf3+ 36. Kf2 Nxe1 0-1

[Event "HUN-chT2 Charousek 1516"]
[Site "Hungary"]
[Date "2016.04.03"]
[Round "8.6"]
[White "Vargyas, Zoltan"]
[Black "Kovac, Boris"]
[Result "0-1"]
[WhiteElo "2121"]
[BlackElo "2201"]
[PlyCount "66"]
[EventDate "2015.10.18"]
[EventType "team-tourn"]
[EventRounds "9"]
[EventCountry "HUN"]
[SourceTitle "EXT 2017"]
[Source "ChessBase"]
[SourceDate "2016.10.25"]
[SourceVersion "1"]
[SourceVersionDate "2016.10.25"]
[SourceQuality "1"]
[WhiteTeam "Balatonfuered"]
[BlackTeam "SZASTE"]
[WhiteTeamCountry "HUN"]
[BlackTeamCountry "HUN"]

1. e4 c5 2. Nf3 e6 3. d4 cxd4 4. Nxd4 Nc6 5. Nc3 Qc7 6. g3 a6 7. Bg2 Nf6 8. 0-0 Bc5 9. Nb3 Ba7 10. Bf4 Ne5 11. a4 d6 12. Qe2 Nc4 13. Nd1 e5 14. Bc1 Be6 15. Nd2 Rc8 16. Nf3 h6 17. b3 Na5 18. Ra2 Nxb3 19. cxb3 Qxc1 20. Ne3 Qc7 21. Rc2 Qb8 22. Rfc1 Rxc2 23. Qxc2 Bxe3 24. fxe3 Qa7 25. Qd3 0-0 26. h3 Qb6 27. Nd2 Rd8 28. Nc4 Qc5 29. Rc2 Rc8 30. Kf2 b5 31. axb5 axb5 32. b4 bxc4 33. Qa3 Qb6 0-1

[Event "Perenyi Memorial"]
[Site "Budapest"]
[Date "2016.01.14"]
[Round "8"]
[White "Vargyas, Zoltan"]
[Black "Karacsonyi, Gellert"]
[Result "1/2-1/2"]
[WhiteElo "2127"]
[BlackElo "2013"]
[PlyCount "46"]
[EventDate "2016.01.06"]
[EventType "swiss"]
[EventRounds "9"]
[EventCountry "HUN"]
[SourceTitle "CBM 170 Extra"]
[Source "ChessBase"]
[SourceDate "2016.02.25"]
[SourceVersion "1"]
[SourceVersionDate "2016.02.25"]
[SourceQuality "1"]

1. e4 c5 2. Nf3 e6 3. d4 cxd4 4. Nxd4 Nf6 5. Bd3 Nc6 6. Be3 e5 7. Nxc6 bxc6 8. 0-0 d5 9. Nd2 Ng4 10. Nb3 d4 11. Bd2 Qh4 12. h3 Nf6 13. f4 Bd6 14. Qf3 h5 15. Be1 Qxf4 16. Qxf4 exf4 17. Nxd4 Bc5 18. Bf2 Bd7 19. Nf5 Bxf2+ 20. Rxf2 g5 21. c4 Bxf5 22. exf5 0-0-0 23. Bc2 Rhe8 1/2-1/2

[Event "Perenyi Memorial"]
[Site "Budapest"]
[Date "2016.01.09"]
[Round "4"]
[White "Vargyas, Zoltan"]
[Black "Palvolgyi, Istvan"]
[Result "1-0"]
[WhiteElo "2127"]
[BlackElo "1913"]
[PlyCount "120"]
[EventDate "2016.01.06"]
[EventType "swiss"]
[EventRounds "9"]
[EventCountry "HUN"]
[SourceTitle "CBM 170 Extra"]
[Source "ChessBase"]
[SourceDate "2016.02.25"]
[SourceVersion "1"]
[SourceVersionDate "2016.02.25"]
[SourceQuality "1"]

1. e4 e5 2. Nf3 d6 3. d4 Nd7 4. Bc4 c6 5. 0-0 Be7 6. a4 a5 7. b3 Ngf6 8. Re1 0-0 9. Bb2 Qc7 10. Nbd2 Re8 11. Nf1 exd4 12. Nxd4 Ne5 13. Ng3 Nxc4 14. bxc4 Qb6 15. Bc3 Qc5 16. Qd3 Ng4 17. f4 Be6 18. h3 Nh6 19. Kh1 Bxc4 20. Qd2 Bf8 21. Rab1 Rab8 22. Bxa5 d5 23. Bc7 Rbc8 24. Bb6 Qe7 25. exd5 Qh4 26. Ndf5 Nxf5 27. Nxf5 Qf6 28. d6 Be6 29. d7 Qxf5 30. dxe8Q Rxe8 31. Re5 Qg6 32. Rbe1 Qh6 33. Be3 f5 34. Bd4 Bd6 35. Rxf5 Rd8 36. Rg5 Bf8 37. Bxg7 Qxg5 38. fxg5 Rxd2 39. Bxf8 Kxf8 40. Rxe6 Rxc2 41. Rd6 b5 42. axb5 cxb5 43. Rb6 Rb2 44. Rb7 Kg8 45. Kh2 b4 46. h4 b3 47. Kg3 Rb1 48. Kg4 b2 49. Kh5 Kf8 50. g3 Rg1 51. Rxb2 Rxg3 52. Kh6 Rh3 53. Kxh7 Rxh4+ 54. Kg6 Rg4 55. Rb8+ Ke7 56. Rb7+ Ke8 57. Kf6 Rg1 58. Rb8+ Kd7 59. g6 Rf1+ 60. Kg7 Kc7 1-0

[Event "Perenyi Memorial"]
[Site "Budapest"]
[Date "2016.01.08"]
[Round "3"]
[White "Grimm, Daniel"]
[Black "Vargyas, Zoltan"]
[Result "1-0"]
[WhiteElo "2319"]
[BlackElo "2127"]
[PlyCount "97"]
[EventDate "2016.01.06"]
[EventType "swiss"]
[EventRounds "9"]
[EventCountry "HUN"]
[SourceTitle "CBM 170 Extra"]
[Source "ChessBase"]
[SourceDate "2016.02.25"]
[SourceVersion "1"]
[SourceVersionDate "2016.02.25"]
[SourceQuality "1"]

1. e4 e6 2. d4 d5 3. Nc3 Bb4 4. a3 Bxc3+ 5. bxc3 dxe4 6. Qg4 Nf6 7. Qxg7 Rg8 8. Qh6 c5 9. Bb2 Nc6 10. 0-0-0 Ng4 11. Qd2 Qg5 12. Qxg5 Rxg5 13. Nh3 Rf5 14. Rd2 Bd7 15. f3 exf3 16. Bd3 Rh5 17. gxf3 Rxh3 18. fxg4 0-0-0 19. Rf1 e5 20. d5 Na5 21. c4 e4 22. Bxe4 Nxc4 23. Rd3 Rxh2 24. Rc3 b5 25. Bd3 Nxb2 26. Rxc5+ Kb7 27. Kxb2 Kb6 28. Rc3 Be8 29. Rf6+ Kb7 30. d6 Kb8 31. Rc5 a6 32. g5 Rh4 33. Re5 Rh2 34. Re7 Rg2 35. Re5 Rh2 36. Be4 Re2 37. Re7 Rd2 38. Bxh7 Rd5 39. Bf5 Bc6 40. Be4 Rc5 41. Rc7 Rxd6 42. Rxc6 Rdxc6 43. Bxc6 Kc7 44. Be4 Rxg5 45. Rxf7+ Kb6 46. Rf6+ Ka7 47. Kb3 Rg4 48. Re6 a5 49. a4 1-0

[Event "HUN-chT2 Charousek 1516"]
[Site "Hungary"]
[Date "2015.11.08"]
[Round "2.7"]
[White "Kosztolanczi, Gyula"]
[Black "Vargyas, Zoltan"]
[Result "1/2-1/2"]
[WhiteElo "2144"]
[BlackElo "2121"]
[PlyCount "107"]
[EventDate "2015.10.18"]
[EventType "team-tourn"]
[EventRounds "9"]
[EventCountry "HUN"]
[SourceTitle "CBM 170 Extra"]
[Source "ChessBase"]
[SourceDate "2016.02.25"]
[SourceVersion "1"]
[SourceVersionDate "2016.02.25"]
[SourceQuality "1"]
[WhiteTeam "Tapolca Rockwool"]
[BlackTeam "Balatonfuered"]
[WhiteTeamCountry "HUN"]
[BlackTeamCountry "HUN"]

1. e4 c5 2. Nf3 Nc6 3. d4 cxd4 4. Nxd4 Nf6 5. Nc3 e5 6. Nf5 d5 7. exd5 Bxf5 8. dxc6 Qxd1+ 9. Nxd1 bxc6 10. Ne3 Be6 11. Ba6 Rb8 12. Nc4 Nd7 13. Be3 Nc5 14. Bxc5 Bxc5 15. 0-0-0 Bxf2 16. Nxe5 Bd5 17. Rhf1 Bh4 18. Bc4 Bxc4 19. Nxc4 0-0 20. Rd7 a5 21. c3 Bd8 22. Ne5 Rb5 23. Nxc6 Bg5+ 24. Kb1 f5 25. Nd4 Re5 26. Nf3 Re7 27. Rxe7 Bxe7 28. Nd4 g6 29. Nc6 Bd6 30. h3 Bc7 31. Kc2 Re8 32. Kd3 Kg7 33. Rf2 Re4 34. Re2 Rxe2 35. Kxe2 Kf6 36. b4 axb4 37. cxb4 Ke6 38. Kd3 Kd5 39. Nd4 Bb6 40. Nf3 Bf2 41. a4 h6 42. Nd2 g5 43. a5 h5 44. Nb1 g4 45. Nc3+ Ke5 46. b5 f4 47. Ke2 Bc5 48. b6 f3+ 49. gxf3 gxh3 50. Kf1 Kf4 51. b7 Ba7 52. b8Q+ Bxb8 53. Kg1 Kxf3 54. a6 1/2-1/2

[Event "Budapest-chT1 Lilienthal 1516"]
[Site "Budapest"]
[Date "2015.09.27"]
[Round "2"]
[White "Vargyas, Zoltan"]
[Black "Antal, Laszlo"]
[Result "1-0"]
[WhiteElo "2094"]
[BlackElo "2140"]
[PlyCount "51"]
[EventDate "2015.09.20"]
[EventType "team-tourn"]
[EventRounds "9"]
[EventCountry "HUN"]
[SourceTitle "EXT 2021"]
[Source "ChessBase"]
[SourceDate "2020.10.23"]
[SourceVersion "1"]
[SourceVersionDate "2020.10.23"]
[SourceQuality "1"]
[WhiteTeam "Budapest Ujpest KSE"]
[BlackTeam "SENSE"]
[WhiteTeamCountry "HUN"]
[BlackTeamCountry "HUN"]

1. e4 e5 2. Nf3 Nc6 3. Bc4 Bc5 4. d4 Bxd4 5. 0-0 Nf6 6. Nxd4 Nxd4 7. f4 d6 8. fxe5 dxe5 9. Bg5 Be6 10. Nd2 Qe7 11. c3 Bxc4 12. Nxc4 Ne6 13. Bxf6 Qc5+ 14. Kh1 Qxc4 15. Bxe5 0-0 16. Qd5 Qa6 17. a4 c6 18. Qd7 Rad8 19. Qe7 Rd2 20. Bd6 Qe2 21. Rg1 Qxe4 22. Rae1 Qd5 23. Rxe6 h6 24. Qxf8+ Kh7 25. Qxf7 Rxg2 26. Rxh6+ 1-0

[Event "Budapest Duna op"]
[Site "Budapest"]
[Date "2015.09.23"]
[Round "1"]
[White "Gara, Anita"]
[Black "Vargyas, Zoltan"]
[Result "1-0"]
[WhiteElo "2307"]
[BlackElo "2094"]
[PlyCount "57"]
[EventDate "2015.09.23"]
[EventType "swiss"]
[EventRounds "9"]
[EventCountry "HUN"]
[SourceTitle "CBM 168 Extra"]
[Source "ChessBase"]
[SourceDate "2015.10.29"]
[SourceVersion "1"]
[SourceVersionDate "2015.10.29"]
[SourceQuality "1"]

1. e4 e6 2. d4 d5 3. Nd2 c5 4. Ngf3 cxd4 5. exd5 Qxd5 6. Bc4 Qd6 7. Bb3 Nc6 8. Nc4 Qd8 9. 0-0 Bc5 10. Qe2 Nge7 11. Rd1 0-0 12. c3 Nf5 13. Bc2 Qf6 14. b4 b5 15. bxc5 bxc4 16. Qxc4 dxc3 17. Qe4 Bb7 18. Rb1 Qe7 19. Bg5 f6 20. Rxb7 Qxb7 21. Qxe6+ Rf7 22. Qxf5 g6 23. Qe6 fxg5 24. Nxg5 Raf8 25. Bb3 Nd8 26. Qh3 h5 27. Qxc3 Qe7 28. Nxf7 Nxf7 29. c6 1-0

[Event "Budapest-chT1 Lilienthal 1516"]
[Site "Budapest"]
[Date "2015.09.20"]
[Round "1"]
[White "Keschitz, Gyorgy"]
[Black "Vargyas, Zoltan"]
[Result "1-0"]
[WhiteElo "2260"]
[BlackElo "2094"]
[PlyCount "49"]
[EventDate "2015.09.20"]
[EventType "team-tourn"]
[EventRounds "9"]
[EventCountry "HUN"]
[SourceTitle "EXT 2021"]
[Source "ChessBase"]
[SourceDate "2020.10.23"]
[SourceVersion "1"]
[SourceVersionDate "2020.10.23"]
[SourceQuality "1"]
[WhiteTeam "Barcza GSC"]
[BlackTeam "Budapest Ujpest KSE"]
[WhiteTeamCountry "HUN"]
[BlackTeamCountry "HUN"]

1. Nf3 d5 2. g3 c5 3. Bg2 Nc6 4. 0-0 e5 5. d3 Be7 6. e4 d4 7. a4 g5 8. Na3 g4 9. Ne1 h5 10. Nc4 h4 11. c3 Be6 12. cxd4 cxd4 13. Bd2 Nf6 14. Rc1 a6 15. a5 Bxc4 16. dxc4 Nxa5 17. Nd3 Nc6 18. b4 Qb6 19. Rb1 Qc7 20. b5 Nd8 21. Qa4 Nd7 22. Rfc1 Kf8 23. c5 Nxc5 24. Nxc5 Bxc5 25. Rxc5 1-0

[Event "SVK-ch op"]
[Site "Banska Stiavnica"]
[Date "2015.07.12"]
[Round "9"]
[White "Vargyas, Zoltan"]
[Black "Antal, Jozsef"]
[Result "1-0"]
[WhiteElo "2057"]
[BlackElo "1932"]
[PlyCount "135"]
[EventDate "2015.07.04"]
[EventType "swiss"]
[EventRounds "9"]
[EventCountry "SVK"]
[SourceTitle "CBM 167 Extra"]
[Source "ChessBase"]
[SourceDate "2015.09.14"]
[SourceVersion "1"]
[SourceVersionDate "2015.09.14"]
[SourceQuality "1"]

1. d4 d5 2. c4 e6 3. Nf3 Nf6 4. Nc3 b6 5. Bg5 Be7 6. e3 0-0 7. Qc2 Bb7 8. Rc1 Nbd7 9. a3 c5 10. cxd5 exd5 11. Bd3 Rc8 12. 0-0 Ne4 13. Bf4 Ndf6 14. dxc5 bxc5 15. Rfd1 Qb6 16. Ne5 Nxc3 17. bxc3 Qa5 18. Rb1 Ba8 19. Bf5 Rcd8 20. Ng4 h6 21. Be5 Nxg4 22. Bxg4 Bd6 23. Bg3 Bxg3 24. hxg3 Rb8 25. Rb3 c4 26. Rb2 Qxa3 27. Rdb1 Rxb2 28. Qxb2 Qc5 29. Qb5 Qc7 30. Bf3 Rd8 31. g4 Kh7 32. g3 Kg8 33. Kg2 Kh7 34. Ra1 Bc6 35. Qc5 Qb6 36. Qe7 Rd7 37. Qf8 a5 38. g5 Bb7 39. gxh6 gxh6 40. g4 Qf6 41. Rh1 a4 42. Rh5 Qg7 43. Qb4 f6 44. Qxa4 d4 45. g5 Bxf3+ 46. Kxf3 fxg5 47. cxd4 Qf7+ 48. Kg3 Ra7 49. Qc2+ Kg7 50. Rh1 Qc7+ 51. Kg4 Qd7+ 52. Qf5 Qxf5+ 53. Kxf5 Rf7+ 54. Ke5 Rxf2 55. d5 c3 56. e4 c2 57. d6 Rd2 58. Rc1 g4 59. Ke6 g3 60. d7 h5 61. Rxc2 Rxd7 62. Kxd7 h4 63. e5 h3 64. Rc3 g2 65. Rg3+ Kf7 66. e6+ Kf6 67. e7 h2 68. e8Q 1-0

[Event "SVK-ch op"]
[Site "Banska Stiavnica"]
[Date "2015.07.05"]
[Round "2"]
[White "Vargyas, Zoltan"]
[Black "Nayhebaver, Martin"]
[Result "0-1"]
[WhiteElo "2057"]
[BlackElo "2314"]
[PlyCount "82"]
[EventDate "2015.07.04"]
[EventType "swiss"]
[EventRounds "9"]
[EventCountry "SVK"]
[SourceTitle "CBM 167 Extra"]
[Source "ChessBase"]
[SourceDate "2015.09.14"]
[SourceVersion "1"]
[SourceVersionDate "2015.09.14"]
[SourceQuality "1"]

1. e4 c5 2. Nf3 d6 3. d4 cxd4 4. Nxd4 Nf6 5. Nc3 a6 6. Be2 e5 7. Nb3 Be7 8. Bg5 Be6 9. Bxf6 Bxf6 10. Qd3 Nc6 11. 0-0-0 Qb6 12. Qxd6 Be7 13. Nd5 Bxd5 14. Qxd5 Rd8 15. Qc4 Rxd1+ 16. Kxd1 0-0 17. Rf1 Bg5 18. Qc5 Qc7 19. Bd3 Rd8 20. g3 Be7 21. Qe3 Nb4 22. Ke2 Qc8 23. Rd1 Qh3 24. Qf3 Rd6 25. Qf5 Qxh2 26. Qxe5 Nc6 27. Qf4 Rf6 28. Qe3 Ne5 29. Rf1 Rf3 30. Qa7 Rxg3 31. Nd4 Rg6 32. Qxb7 Bf8 33. Qb8 Qh5+ 34. Kd2 Qg5+ 35. Kd1 Rd6 36. Nf5 Nxd3 37. Nxd6 Qc1+ 38. Ke2 Nf4+ 39. Kf3 Qxf1 40. Kxf4 Qxf2+ 41. Ke5 Qc5+ 0-1